| 000 | 00771nam a2200217 i 4500 | ||
|---|---|---|---|
| 001 | 33463 | ||
| 003 | ES-MaACL | ||
| 005 | 20230906154748.0 | ||
| 007 | t| | ||
| 008 | 030202s1947 sp ||||1| lat d | ||
| 130 | 0 |
_aBiblia. _pA.T. _lLatín. _9119267 |
|
| 245 | 1 | 0 |
_aVetus Testamentus _b: liber primus de Sacra Veteris Testamenti historia / _cautore José Prado. |
| 250 | _a5 ed.(1ª hispanica) retradata. | ||
| 260 |
_aMadrid : _bPerpetuo Socorro, _c1947 ( _fSucs. de Rivadeneyra) |
||
| 300 |
_aXXXII, 655 p. ; _c23 cm. |
||
| 490 | 1 |
_aPraelectionum Bliblicarum Compendium Simón Prado ; _v2 |
|
| 700 | 1 |
_aPrado, José. _993611 |
|
| 830 | 0 |
_aPraelectionum Bliblicarum Compendium Simón Prado ; _v2 _9229457 |
|
| 852 |
_aES-MaACL _jC-4217 |
||
| 999 |
_c33463 _d33463 |
||